| 000 | 00820nam a22002057a 4500 | ||
|---|---|---|---|
| 005 | 2008060203433.0 | ||
| 008 | 080602t xxu||||| |||| 00| p eng d | ||
| 010 | _aENG-90249 | ||
| 020 |
_a0195669096 _c795.00 |
||
| 035 | _aEN-73782 | ||
| 037 | _bDBAD / PUB | ||
| 040 |
_aDPL _bEN |
||
| 082 | _a881.092 | ||
| 245 |
_aDerozio, poet of India: _bthe definitive edition / _cedited, and with an introduction, by Rosinka Chaudhuri |
||
| 260 |
_aNew Delhi _bOxford University Press _c2008 |
||
| 300 |
_aLxxxi, 475p. _c22 cm (Hb) |
||
| 500 | _aIncludes appendix & bibliographical references | ||
| 942 |
_2ddc _cEN _h881.092 _m DER |
||
| 999 |
_c13121 _d13121 |
||